Acta horticulturae et regiotecturae The Scientific Journal for Horticulture, Landscape Engineering and Architecture: vedecký časopis pre záhradníctvo, krajinné inžinierstvo a záhradnú architektúru

Na minha lista:
Detalhes bibliográficos
Autor Corporativo: Slovenská poľnohospodárska univerzita v Nitre
Formato: Periódico
Idioma:eslovaco
inglês
Publicado em: Nitra Vydavateľstvo SPU
Assuntos:
Tags: Adicionar Tag
Sem tags, seja o primeiro a adicionar uma tag!

MARC

LEADER 00000nas1a2200000$$$4500
001 0006870
005 20241218091936.1
022 |a 1335-2563 
022 |a 1338-5259 
041 0 |a slo 
041 0 |a eng 
044 |a SK 
245 1 0 |a Acta horticulturae et regiotecturae  |b The Scientific Journal for Horticulture, Landscape Engineering and Architecture: vedecký časopis pre záhradníctvo, krajinné inžinierstvo a záhradnú architektúru 
264 1 |a Nitra  |b Vydavateľstvo SPU 
500 |a Aktualizácia vydavateľa od 2024 
610 2 0 |a ekológia 
610 2 0 |a architektúra 
610 2 0 |a usporiadanie krajiny 
610 2 0 |a záhradníctvo 
710 2 |a Slovenská poľnohospodárska univerzita v Nitre